| 000 | 04085nam a2200421 i 4500 | ||
|---|---|---|---|
| 001 | 23001354 | ||
| 003 | OSt | ||
| 005 | 20260125141849.0 | ||
| 008 | 230306t20222022nyua 001 0 eng d | ||
| 020 |
_a9780241536421 _qhardcover |
||
| 040 |
_aYDX _beng _cYDX _erda _dBDX _dUKMGB _dOCLCO _dOCLCF _dTDS _dOPW _dIUK _dOCLCQ _dCPL _dDLC _duoc |
||
| 082 | 0 | 4 |
_a709 _223 _bMIC |
| 100 | 1 |
_aCollins, Michael, _d1960- _eauthor. |
|
| 245 | 1 | 0 |
_aLost masterpieces: _b Stolen, Damaged, Mislaid, Destroyed/ _cMichael Collins. |
| 246 | 1 | 4 |
_aLost masterpieces : _bstolen, damaged, mislaid, destroyed--the world's most elusive works of art |
| 250 | _aFirst American edition. | ||
| 264 | 1 |
_aLondon : _bDK Publishing, _c2022. |
|
| 264 | 4 | _c©2022 Dorling Kindersley Limited | |
| 300 |
_a192 pages : _billustrations; _c20 cm. |
||
| 336 |
_atext _btxt _2rdacontent |
||
| 336 |
_astill image _bsti _2rdacontent |
||
| 337 |
_aunmediated _bn _2rdamedia |
||
| 338 |
_avolume _bnc _2rdacarrier |
||
| 500 | _aSubtitle on cover: Stolen, damaged, mislaid, destroyed - the world's most elusive works of art. | ||
| 500 | _a"Produced for DK by Toucan Books"--Title page verso. | ||
| 500 | _aIncludes index. | ||
| 505 | 0 | _aIntroduction -- Lost: The tomb of King Tuankhamen ; Aphrodite of Knidos ; The terra-cotta army ; The Alexander mosaic ; China's guardian beasts ; The Tabula Rogeriana ; Salvatori Mundi ; Fondaco dei Tedeschi ; The Sistine tapestries ; Lucretia ; Zodiac fountain water clock ; Anna Feodorovna ; The death of Cleopatra ; Modern woman ; The battle of San Jacinto ; Red and green II ; Reclining nude ; December in Venice ; The Reaper ; The wounded table ; Struggle : from the history of the American people ; Life's work ; Untitled gouache ; The Lenin mosaic ; Touching north -- Stolen: Mexican antiquities ; The book of Kells ; The Ghent altarpiece ; The last judgment ; Mona Lisa ; St. Christopher carrying the Christ Child ; The Benin bronzes ; Nativity with St. Francis and St. Lawrence ; The head of a bearded man ; Adam and Eve ; The Isabella Stewart Gardner heist ; Lioness and Lion in a cave ; Les choristes ; Funerary pole ; Summer's day ; View of the sea at Scheveningen ; The gates of hell ; Portraits of Adele ; Swamp legend ; Reading girl in white and yellow ; Myrto ; Portrait of Francis Bacon ; Two forms (divided circle) ; Wine of Babylon ; Camouflage series ; Chloe & Emma -- Damaged: Nineveh's Lamassu ; Parthenon marbles ; The Portland vase ; Sutton Hoo helmet ; Statue of Vishnu ; The Bayeux tapestry ; Frescoes of the lives of St. Francis and the saints ; Pietà ; The night watch ; The Rokeby Venus ; The dream ; Yellow pumpkin ; Niagara Falls -- Destroyed: The Buddhas of Bamiyan ; The justice of Trajan and Herkinbald ; Equestrian portrait of Emperor Philip IV ; The amber room ; The last moments of Michel Lepeletier ; Religion attended by the virtues ; The stone breakers ; Washington crossing the Delaware ; Beneath the blue room ; Water lilies ; Man at the crossroads ; Three works ; Lift every voice and sing (the harp) ; Portrait of Winston Churchill ; Figurative work ; Reclining figure ; Everyone I have ever slept with ; Dropping a Han Dynasty urn ; Pillar of shame ; Love is in the bin. | |
| 520 | _aTravel back in time to discover works of art that have vanished from the record, as well as those that went missing and have since been reclaimed or recovered. From the treasures of Tutankhamun to the altarpiece of Ghent, a missing Fabergé egg, and Vincent van Gogh's majestic Sunset at Montmajour, numerous masterpieces have disappeared throughout history as a result of theft, looting, natural catastrophe, or conflict... And some have resurfaced decades or even centuries later! | ||
| 650 | 0 | _aArt treasures in war. | |
| 650 | 0 |
_aArt _xMutilation, defacement, etc. |
|
| 650 | 0 |
_aArt _xHistory. |
|
| 650 | 0 |
_aLost works of art. _94532 |
|
| 650 | 0 | _aArt thefts. | |
| 650 | 7 |
_aArt thefts. _2fast _0(OCoLC)fst00815827 _94533 |
|
| 650 | 7 |
_aLost works of art. _2fast _0(OCoLC)fst01002666 _94532 |
|
| 700 | 1 |
_aReid, Emma Fraser, _eillustrator. _94279 |
|
| 942 |
_2ddc _cBK |
||
| 999 |
_c1772 _d1772 |
||